000 01316cab a22002415a 4500
001 L144918
008 080820s2008 xxko f s 000 0 eng d
035 _a(Sirsi) u144918
041 0 _aeng
100 1 _aLemon, Angela
245 0 0 _aPower struggle
260 _c2008
490 _aHousebuilder
_v67(7) August 2008, 34-35(2)
520 _aStresses that private development sector has difficulty to afford building sustainable houses, due to a low demand of customers for greener homes. States that demand exists at the upper end of the market, for purchasers who can afford to pay more. Shows that private sector could take example of sustainable initiatives taken by its social housing counterpart. Declares that answers lies in emphasis on low cost and measures that reduce a building?s energy needs. Presents a list of the most common energy saving, low energy and renewable technologies ranked by effectiveness and cost effectiveness.
590 _aKA
650 2 4 _aBUILDING REGULATIONS 2000 APPROVED DOCUMENT L1 (2002 EDITION)
650 2 4 _aSTANDARD ASSESSMENT PROCEDURE (2005 EDITION)
651 4 _aEngland and Wales
_y1543-
690 _aBUILT ENVIRONMENT-SUSTAINABLE CONSTRUCTION
690 _aPROPERTY-RESIDENTIAL PROPERTY-RESIDENTIAL PROPERTY MARKET
700 1 _aKeech, Terry
942 _n0
999 _c80642
_d80642